<?xml version="1.0" encoding="UTF-8"?>
<record
    xmlns:xsi="http://www.w3.org/2001/XMLSchema-instance"
    xsi:schemaLocation="http://www.loc.gov/MARC21/slim http://www.loc.gov/standards/marcxml/schema/MARC21slim.xsd"
    xmlns="http://www.loc.gov/MARC21/slim">

  <leader>02461nam a2200361 i 4500</leader>
  <controlfield tag="001">000028728</controlfield>
  <controlfield tag="003">DO-SdBNP</controlfield>
  <controlfield tag="005">20250116123441.0</controlfield>
  <controlfield tag="007">ta</controlfield>
  <controlfield tag="008">110411s2010    dr      r     001 0 spa d</controlfield>
  <datafield tag="020" ind1=" " ind2=" ">
    <subfield code="a">9789945443516</subfield>
  </datafield>
  <datafield tag="040" ind1=" " ind2=" ">
    <subfield code="a">DO-SdBNP</subfield>
    <subfield code="b">spa</subfield>
    <subfield code="c">BNPHU</subfield>
    <subfield code="e">rda</subfield>
  </datafield>
  <datafield tag="082" ind1=" " ind2="4">
    <subfield code="2">22</subfield>
  </datafield>
  <datafield tag="245" ind1="0" ind2="0">
    <subfield code="a">Dos coloquios sobre la obra de Juan Bosch.</subfield>
    <subfield code="c">Bruno Rosario Candelier, Jeannette Miller, Jos&#xE9;Enrique Garc&#xED;a, Le&#xF3;n David, &#xC1;ngela Hern&#xE1;ndez, Manuel A. Garc&#xED;a Ar&#xE9;valo, Jos&#xE9; Chez Checo</subfield>
  </datafield>
  <datafield tag="264" ind1=" " ind2=" ">
    <subfield code="a">Santo Domingo :</subfield>
    <subfield code="b">Banco Central de la Rep&#xFA;blica Dominicana,</subfield>
    <subfield code="c">2010.</subfield>
  </datafield>
  <datafield tag="300" ind1=" " ind2=" ">
    <subfield code="a">189 p&#xE1;ginas ;</subfield>
    <subfield code="c">23 cm.</subfield>
  </datafield>
  <datafield tag="336" ind1=" " ind2=" ">
    <subfield code="2">rdacontent</subfield>
    <subfield code="a">texto</subfield>
    <subfield code="b">txt</subfield>
  </datafield>
  <datafield tag="337" ind1=" " ind2=" ">
    <subfield code="2">rdamedia</subfield>
    <subfield code="a">sin mediaci&#xF3;</subfield>
    <subfield code="b">nc</subfield>
  </datafield>
  <datafield tag="338" ind1=" " ind2=" ">
    <subfield code="2">rdacarrier</subfield>
    <subfield code="a">volumen</subfield>
    <subfield code="b">n</subfield>
  </datafield>
  <datafield tag="490" ind1="1" ind2=" ">
    <subfield code="a">Banco Central de la Rep&#xFA;blica Dominicana, Departamento Cultura</subfield>
    <subfield code="v">130</subfield>
  </datafield>
  <datafield tag="490" ind1="1" ind2=" ">
    <subfield code="a">Arte y literatura</subfield>
    <subfield code="v">54</subfield>
  </datafield>
  <datafield tag="505" ind1="0" ind2=" ">
    <subfield code="g">Primer coloquio --</subfield>
    <subfield code="t">Presentaci&#xF3;n /</subfield>
    <subfield code="r">Jos&#xE9; Alc&#xE1;ntara Alm&#xE1;nzar --</subfield>
    <subfield code="t">El aliento tel&#xFA;rico en la narrativa de Juan Bosch /</subfield>
    <subfield code="r">Bruno Rosario Candelier --</subfield>
    <subfield code="t">La ma&#xF1;osa: una excelente fotograf&#xED;a de los inicios del siglo xx dominicano /</subfield>
    <subfield code="r">Jeannette Miller --</subfield>
    <subfield code="t">Guaraguaos. Impulsos de la tragedia griega en un cuento de Juan Bosch /</subfield>
    <subfield code="r">Jos&#xE9; Enrique Garc&#xED;a --</subfield>
    <subfield code="t">La problem&#xE1;tica social en tres cuentos de Juan Bosch /</subfield>
    <subfield code="r">Le&#xF3;n David --</subfield>
    <subfield code="t">Rumbo al puerto de origen, un relato pleno de simbolog&#xED;as /</subfield>
    <subfield code="r">&#xC1;ngela Hern&#xE1;ndez --</subfield>
    <subfield code="g">Segundo coloquio --</subfield>
    <subfield code="t">Presentaci&#xF3;n /</subfield>
    <subfield code="r">Jos&#xE9; Alc&#xE1;ntara Alm&#xE1;nzar --</subfield>
    <subfield code="t">Juan Bosch y el indigenismo dominicano /</subfield>
    <subfield code="r">Manuel A. Garc&#xED;a Ar&#xE9;valo --</subfield>
    <subfield code="t">Trujillo, causas de una tiran&#xED;a sin ejemplo de Juan Bosch: una lectura historiogr&#xE1;fica /</subfield>
    <subfield code="r">Jos&#xE9; Chez Checo --</subfield>
    <subfield code="t">Composici&#xF3;n social dominicana: 40 a&#xF1;os despu&#xE9;s /</subfield>
    <subfield code="r">Mu-Kien Adriana Sang Ben --</subfield>
    <subfield code="t">Discurso pol&#xED;tico y construcci&#xF3;n democr&#xE1;tica Juan Bosch y su libro: crisis de la democracia de Am&#xE9;rica en la Rep&#xFA;blica Dominicana /</subfield>
    <subfield code="r">Wilfredo Lozano --</subfield>
    <subfield code="t">El Caribe: Bosch dialoga con Eric Williams y Moya Pons /</subfield>
    <subfield code="r">David &#xC1;lvarez Mart&#xED;n --</subfield>
    <subfield code="t">&#xED;ndice onom&#xE1;stico --</subfield>
    <subfield code="t">Colecci&#xF3;n del Banco Central de la Rep&#xFA;blica Dominicana --</subfield>
  </datafield>
  <datafield tag="590" ind1=" " ind2=" ">
    <subfield code="a">Inventariado, 2023/BT</subfield>
  </datafield>
  <datafield tag="700" ind1="1" ind2=" ">
    <subfield code="a">Rosario Candelier, Bruno,</subfield>
    <subfield code="d">1941-</subfield>
    <subfield code="9">851</subfield>
  </datafield>
  <datafield tag="700" ind1="1" ind2=" ">
    <subfield code="a">Miller, Jeannette,</subfield>
    <subfield code="d">1944-</subfield>
    <subfield code="9">83484</subfield>
  </datafield>
  <datafield tag="700" ind1="1" ind2=" ">
    <subfield code="a">Garc&#xED;a, Jos&#xE9; Enrique,</subfield>
    <subfield code="d">1948-</subfield>
    <subfield code="9">22487</subfield>
  </datafield>
  <datafield tag="700" ind1="1" ind2=" ">
    <subfield code="a">Le&#xF3;n David</subfield>
    <subfield code="d">1945-</subfield>
    <subfield code="9">84930</subfield>
  </datafield>
  <datafield tag="700" ind1="1" ind2=" ">
    <subfield code="a">Hern&#xE1;ndez, &#xC1;ngela</subfield>
    <subfield code="9">82384</subfield>
  </datafield>
  <datafield tag="700" ind1="1" ind2=" ">
    <subfield code="a">Garc&#xED;a Ar&#xE9;valo, Manuel A.</subfield>
    <subfield code="9">82302</subfield>
  </datafield>
  <datafield tag="700" ind1="1" ind2=" ">
    <subfield code="4">Chez Checo, Jos&#xE9;</subfield>
  </datafield>
  <datafield tag="910" ind1=" " ind2=" ">
    <subfield code="a">Btav&#xE1;rez</subfield>
  </datafield>
  <datafield tag="942" ind1=" " ind2=" ">
    <subfield code="2">ddc</subfield>
    <subfield code="c">LBS1</subfield>
  </datafield>
  <datafield tag="952" ind1=" " ind2=" ">
    <subfield code="0">0</subfield>
    <subfield code="1">0</subfield>
    <subfield code="2">ddc</subfield>
    <subfield code="5">1</subfield>
    <subfield code="7">0</subfield>
    <subfield code="8">DS</subfield>
    <subfield code="a">BNPHU</subfield>
    <subfield code="b">BNPHU</subfield>
    <subfield code="c">CT</subfield>
    <subfield code="d">2011-04-12</subfield>
    <subfield code="l">0</subfield>
    <subfield code="o">BNPHU DS </subfield>
    <subfield code="p">28728-30</subfield>
    <subfield code="r">2020-06-25</subfield>
    <subfield code="t">e. 3</subfield>
    <subfield code="w">2020-06-25</subfield>
    <subfield code="y">LBS1</subfield>
    <subfield code="Z">Pr&#xE9;stamo en sala</subfield>
  </datafield>
  <datafield tag="952" ind1=" " ind2=" ">
    <subfield code="0">0</subfield>
    <subfield code="1">0</subfield>
    <subfield code="2">ddc</subfield>
    <subfield code="5">1</subfield>
    <subfield code="7">0</subfield>
    <subfield code="8">PD</subfield>
    <subfield code="a">BNPHU</subfield>
    <subfield code="b">BNPHU</subfield>
    <subfield code="c">CT</subfield>
    <subfield code="d">2011-04-11</subfield>
    <subfield code="l">0</subfield>
    <subfield code="o">BNPHU PD </subfield>
    <subfield code="p">28728-10</subfield>
    <subfield code="r">2020-06-25</subfield>
    <subfield code="w">2020-06-25</subfield>
    <subfield code="y">LBS1</subfield>
    <subfield code="Z">No se presta</subfield>
  </datafield>
  <datafield tag="952" ind1=" " ind2=" ">
    <subfield code="0">0</subfield>
    <subfield code="1">0</subfield>
    <subfield code="2">ddc</subfield>
    <subfield code="5">1</subfield>
    <subfield code="7">0</subfield>
    <subfield code="8">PD</subfield>
    <subfield code="a">BNPHU</subfield>
    <subfield code="b">BNPHU</subfield>
    <subfield code="c">CT</subfield>
    <subfield code="d">2011-04-12</subfield>
    <subfield code="l">0</subfield>
    <subfield code="o">BNPHU PD </subfield>
    <subfield code="p">28728-20</subfield>
    <subfield code="r">2020-06-25</subfield>
    <subfield code="t">e. 2</subfield>
    <subfield code="w">2020-06-25</subfield>
    <subfield code="y">LBS1</subfield>
    <subfield code="Z">No se presta</subfield>
  </datafield>
  <datafield tag="952" ind1=" " ind2=" ">
    <subfield code="0">0</subfield>
    <subfield code="1">0</subfield>
    <subfield code="2">ddc</subfield>
    <subfield code="5">6</subfield>
    <subfield code="7">0</subfield>
    <subfield code="8">DS</subfield>
    <subfield code="a">BNPHU</subfield>
    <subfield code="b">BNPHU</subfield>
    <subfield code="c">CT</subfield>
    <subfield code="d">2023-09-08</subfield>
    <subfield code="e">Donaci&#xF3;n</subfield>
    <subfield code="l">0</subfield>
    <subfield code="o">BNPHU DS </subfield>
    <subfield code="p">28728-40</subfield>
    <subfield code="r">2023-09-08</subfield>
    <subfield code="t">e.4</subfield>
    <subfield code="w">2023-09-08</subfield>
    <subfield code="y">LBS1</subfield>
  </datafield>
  <datafield tag="999" ind1=" " ind2=" ">
    <subfield code="c">28220</subfield>
    <subfield code="d">28220</subfield>
  </datafield>
</record>
